La calle estalla. Comunicación de lo político en canciones de músicos chilenos independientes (2005-2018).

Sparad:
Bibliografiska uppgifter
Huvudupphovsman: Figueroa-Bustos, Arturo (autor)
Materialtyp: Okänd
Publicerad: Santiago, Chile: RIL editores ; Universidad Andrés Bello, 2024.
Ämnen:
Taggar: Lägg till en tagg
Inga taggar, Lägg till första taggen!

MARC

LEADER 00000 a2200000 4500
003 CL-VaPUC
005 20250326124736.0
008 250311t2024 ||||| |||| 00| 0 eng d
999 |c 446898  |d 446896 
020 |a 978-956-01-1568-3 
040 |c Pontificia Universidad Católica de Valparaíso 
082 7 |a 790.893 FIG 2024  |2 22 
100 |a Figueroa-Bustos, Arturo  |9 895953  |e autor 
245 1 3 |a La calle estalla.  |b  Comunicación de lo político en canciones de músicos chilenos independientes (2005-2018). 
260 |a Santiago, Chile:  |b RIL editores ;  |b Universidad Andrés Bello,   |c 2024. 
300 |a 341 páginas.  
583 |k GC  |c 20250311 
650 |a Música   |x Aspectos políticos  |9 896577 
650 |a Música   |z Chile  |x Aspectos sociales   |9 896578 
650 |a Música  |z Chile   |y Siglo 20  |x Aspectos sociales   |9 896579 
942 |2 ddc  |c BK 
952 |0 0  |1 0  |2 ddc  |4 0  |6 790_893000000000000_FIG_2024  |7 0  |8 A  |9 600604  |a BIBEDU  |b BIBEDU  |d 2025-03-05  |e 3  |g 17524.00  |i 5665512  |l 1  |o 790.893 FIG 2024  |p 5665512  |r 2025-04-07  |s 2025-04-01  |t 1  |v 17524.00  |w 2025-03-05  |y BK  |k MUS